000 00744cam a22002413a 4500
001 23544
003 PGUSA
005 20140828083513.0
008 071119s2007||||xxu|||||s|||||000 | eng d
040 _aPGUSA
_beng
042 _adc
050 4 _aRE
245 1 0 _aGlaucoma :
_bA Symposium Presented at a Meeting of the Chicago Ophthalmological Society, November 17, 1913
_h[electronic resource]
260 _bProject Gutenberg,
_c2007
506 _aPublic domain in the USA.
516 _aElectronic text
653 _aGlaucoma
700 1 _aNance, Willis O.
_q(Willis Orville),
_d1871-
700 1 _aPeck, Wesley Hamilton,
_d1863-
830 0 _aProject Gutenberg
_v23544
856 4 0 _uhttp://www.gutenberg.org/ebooks/23544
942 _cEB
999 _c252799
_d252799